000 00391nam a2200181Ia 4500
005 20250603145104.0
008 250603s9999 xx 000 0 und d
020 _a9780435905323
050 _aPR 9387.9 .H68/
100 _aOyono, Ferdinand
245 0 _aHouseboy
260 _aLondon
260 _bHeinemann
260 _c1990
300 _a122 p
650 _aLondon
942 _cBK
999 _c40835
_d40835